00470nam a22001457a 4500003000500000038001800005082000800023100002100031245009900052264003500151300002400186650002500210700003200235856005700267NUST aNusrat Nadeem a200 aHaider, Muhammad aPredictive Attribute Learning: From 2D RGB Prediction to Temporal Dynamics/cMuhammad Haider,  aIslamabad;bSEECS NUST;c2024. a89,p;bill;c30,cm. aMS-Computer Science  aSupervisor: Dr. Adnan Aslam uhttp://10.250.8.41:8080/xmlui/handle/123456789/45917